000 00508cam a2200205ua 4500
001 3413
005 20260515113656.0
008 111111n ii |||gr||||Z||||||asm
040 _cMAIN
082 _a808.8032
100 _aDevi, Maitreye,
245 1 1 _aAchinaki chin
_cby Maitreye Devi
250 _a1st.
260 _aKolkata:
_bBhabani publishing concern,988.
300 _a334p:
_c23cm.
653 _aAchinaki chin
653 _aTravel literature
700 _aSen, Monu,
_eTranslated.,
942 _cBK
999 _c3255
_d3255